000 01171cab a2200277 4500
001 WB3520-32
008 090401t1999 xxu||||| |||| 00| 0 eng d
035 _a(Sirsi) u93564
041 _aeng
245 _aEnvironmental report not detailed enough
260 _c1999
350 _a0
490 _aPlanning (for the Natural and Built Environment)
_v(1319) 21 May 1999, 4
490 _aYorkshire Post
_v27 May 1999, 20(2)
520 _aA council's decision to award outline planning permission for a strategic business park has been quashed by the High Court because the environmental statement supporting it did not supply enough information. The statement was based on an illustrative masterplan, and it was held that a full description of the scheme, including its scale and size was required.
650 _aBUSINESS PARKS
650 _aENVIRONMENTAL IMPACT ASSESSMENTS
650 _aENVIRONMENTAL IMPACT ASSESSMENTS
650 _aENVIRONMENTAL STATEMENTS
650 _aJUDICIAL REVIEW
650 _aOUTLINE PLANNING PERMISSION
650 _aSITES OF BIOLOGICAL INTEREST
690 _aPLANNING LAW AND PRACTICE
942 _n0
948 _c26/05/1999
999 _c59292
_d59292